000
00263nam a2200097Ia 4500
008
120527s9999 xx 000 0 und d
100
_a
Human Development Rept
245
_a
HIV & AIDS:a challenge to sustainable human development.
260
_b
U.N.D.P
942
_c
BK
999
_c
23610
_d
23610